| 000 | 02342cam a22005294i 4500 | ||
|---|---|---|---|
| 003 | PE-LiUPU | ||
| 005 | 20250731173333.0 | ||
| 008 | 150616s1975 xxk r 000 0 spa d | ||
| 035 | _a(Sirsi) a433 | ||
| 040 |
_aPE-LiUPU _bspa _cPE-LiUPU _erda |
||
| 049 | _aPRUA | ||
| 082 | 0 | 4 |
_a252 _bG79 _221 |
| 100 | 1 |
_aGraham, Billy, _eautor. |
|
| 245 | 1 | 0 | _aSermones de decisión. |
| 264 | 1 |
_aTexas : _bCasa Bautista de Publicaciones, _c1975. |
|
| 300 |
_a101 páginas ; _c19 centímetros |
||
| 336 |
_atext _2rdacontent |
||
| 337 |
_aunmediated _2rdamedia |
||
| 338 |
_avolume _2rdacarrier |
||
| 500 | _aUn ejemplar donado. | ||
| 505 | 0 | _a¿Cómo es Dios? -- Posición versus castigo -- Gracia versus ira -- El cristianismo versus una religión sin sangre -- Cristo nuestro héroe -- La segunda venida una verdad gloriosa -- Las ordenes de marcha que Cristo dio -- Cristianismo versus comunismo. | |
| 526 | _aSEG42 | ||
| 526 | _aSEG41 | ||
| 526 | _aSEG40 | ||
| 526 | _aSEG39 | ||
| 526 | _aP94 | ||
| 526 | _aP87 | ||
| 526 | _aP86 | ||
| 526 | _aP85 | ||
| 526 | _aP77 | ||
| 526 | _aP76 | ||
| 526 | _aP35 | ||
| 650 | 0 | 4 | _aSERMONES. |
| 910 |
_ajck _bjvq _cjck |
||
| 942 |
_2ddc _cBOOK |
||
| 949 |
_a252 G79 _wDEWEY _c1 _i02326 _lCCODEBUL1 _mBUL _p23.00 _r0 _sY _tBOOK _u19810828 _xTEOLOGIA _zUNKNOWN _0COMPRA _o.STAFF. Colección Teología |
||
| 949 |
_a252 G79 _wDEWEY _c2 _i19525 _lCCODEBUL1 _mBUL _p23.00 _r0 _sY _tBOOK _u19810828 _xTEOLOGIA _zUNKNOWN _0COMPRA _o.STAFF. Colección Teología |
||
| 949 |
_a252 G79 _wDEWEY _c3 _i10221 _lCCODEBUL1 _mBUL _p23.00 _r0 _sY _tBOOK _u19810828 _xTEOLOGIA _zUNKNOWN _0COMPRA _o.STAFF. Colección Teología |
||
| 994 |
_aC0 _bPEPRU |
||
| 596 | _a1 | ||
| 999 |
_a252 G79 _wDEWEY _c48549 _i02326 _lDISCARD _mBUL _r0 _sY _tBOOK _u2015-6-16 _xTEOLOGIA _zUNKNOWN _0COMPRA _o.STAFF. Colección General _d48549 |
||
| 999 |
_a252 G79 _wDEWEY _c2 _i19525 _d2019-6-14 _f2021-11-12 _g5 _lCCODEBUL1 _mBUL _q1 _r0 _sY _tBOOK _u2015-6-16 _xTEOLOGIA _zUNKNOWN _0COMPRA _o.STAFF. Colección General |
||
| 999 |
_a252 G79 _wDEWEY _c3 _i10221 _d2017-11-28 _e2017-11-27 _f2021-11-29 _g5 _lCCODEBUL1 _mBUL _n2 _p23.00 _r0 _sY _tBOOK _u2015-6-16 _xTEOLOGIA _PP35 _0COMPRA _o.STAFF. Colección Telogía |
||
| 980 |
_81 _gALBERTO SANCHEZ Responsable de Automatización |
||